000 01306nam a2200361 i 4500
001 8845
003 KOSZ 005
005 20200630132819.0
008 071018s1969 pl a f 000 0 pol
015 _aPB 1969/10480
040 _aWA N
_cWA N
_dKOSZ 005/RW
_dKOSZ 005/HR
041 1 _apol
_hrus
046 _k1969
080 _a543.544
080 _a544.723
100 1 _aKiselev, Andrej Vladimirovič
_d(1908-1984).
_eAutor
245 1 0 _aAdsorpcyjna chromatografia gazowa /
_cA. W. Kisielew, J. I. Jaszin ; tł. Witold Czerwiński, Inna Proskurowska.
246 1 _iTyt. oryg.:
_aGazo-adsorbcionnaâ hromatografiâ
260 _aWarszawa :
_bPaństwowe Wydawnictwo Naukowe,
_c1969.
300 _a279, [1] s., [2] k. tabl. :
_bil. ;
_c23 cm.
380 _aKsiążki.
388 _a1901-2000
504 _aBibliogr. s. 278-[280].
658 _aChemia
650 4 _aChromatografia gazowa
650 4 _aAdsorpcja
700 1 _ašin, Âkov Ivanovič.
_eAutor
700 1 _aCzerwiński, Witold
_d(?-2000).
_eTłumaczenie
700 1 _aProskurowska, Inna.
_eTłumaczenie
710 2 _aPaństwowe Wydawnictwo Naukowe
_4pbl.
856 _uhttp://koha.tu.koszalin.pl/cgi-bin/koha/opac-detail.pl?biblionumber=8845
_yKatalog online BPK
942 _2UKD
_cKS
999 _c8845
_d8845